Ensayo sobre el principio de la población (Registro nro. 1754)
[ vista simple ]
| 000 -ENCABEZADO | |
|---|---|
| Número de control [NR] | 01165nam a2200277Ia 4500 |
| 005 - FECHA Y HORA DE LA ÚLTIMA TRANSACCIÓN | |
| control field | 20240528104335.0 |
| 008 - DE LONGITUD FIJA DE DATOS DE ELEMENTOS - INFORMACIÓN GENERAL | |
| Elementos de longitud fija [NR] | 130821s1951 mx gr spa |
| 020 ## - NUMERO INTERNACIONAL NORMALIZADO PARA LIBROS [R] | |
| Número Internacional Normalizado del libro [NR] | 9681624858 |
| 040 ## - FUENTE DE CATALOGACION [NR] | |
| Agencia de catalogación original [NR] | Co-BoUCM |
| Idioma de catalogación [NR] | spa |
| Quien Cataloga | David Moreno (modificó) |
| Quien Clasifica | David Moreno (modificó) |
| 041 ## - CODIGO DE IDIOMA [R] | |
| Código de idioma para texto/pista de sonido o título separado [R] | Español |
| 100 1# - ASIENTO PRINCIPAL--NOMBRE PERSONAL [NR] | |
| Nombre personal [NR] | Malthus, Thomas Robert |
| Fechas asociadas con el nombre [NR] | 1766-1834 |
| ID Autoridad | 82830 |
| 245 10 - MENCION DE TITULO [NR] | |
| Título [NR] | Ensayo sobre el principio de la población |
| Mención de responsabilidad, etc. [NR] | Thomas R. Malthus ; traducción de Teodoro Ortiz ; con una introducción de Kingsley Davis. |
| 260 ## - PUBLICACION, DISTRIBUCION, ETC. (PIE DE IMPRENTA) [R] | |
| Lugar de publicación, distribución, etc. [R] | México D.F. (México) |
| Nombre del editor, distribuidor, etc. [R] | Fondo de Cultura Económica |
| Fecha de publicación, distribución, etc. [R] | 1951 |
| 300 ## - DESCRIPCION FISICA [R] | |
| Extensión [R] | 619 Páginas |
| 490 #0 - MENCION DE SERIE [R] | |
| Mención de serie [R] | Sección de Obras de Economía / Eduardo Suárez |
| 500 ## - NOTA GENERAL [R] | |
| Nota general [NR] | Donación Álvaro Daza. |
| 650 04 - ASIENTO SECUNDARIO DE MATERIA - TERMINO TEMATICO [R] | |
| Término temático o nombre geográfico como elemento de entrada [NR] | Economía política |
| 9 (RLIN) | 13709 |
| 650 04 - ASIENTO SECUNDARIO DE MATERIA - TERMINO TEMATICO [R] | |
| Término temático o nombre geográfico como elemento de entrada [NR] | Maltusianismo |
| 9 (RLIN) | 18889 |
| 650 04 - ASIENTO SECUNDARIO DE MATERIA - TERMINO TEMATICO [R] | |
| Término temático o nombre geográfico como elemento de entrada [NR] | Población |
| Subdivisión de forma [R] | Aspectos sociales |
| 9 (RLIN) | 21730 |
| 650 04 - ASIENTO SECUNDARIO DE MATERIA - TERMINO TEMATICO [R] | |
| Término temático o nombre geográfico como elemento de entrada [NR] | Población |
| Subdivisión general [R] | Aspectos económicos |
| 9 (RLIN) | 21730 |
| 700 1# - ASIENTO SECUNDARIO - NOMBRE PERSONAL [R] | |
| Nombre personal [NR] | Kingsley, Davis |
| 9 (RLIN) | 181051 |
| 700 1# - ASIENTO SECUNDARIO - NOMBRE PERSONAL [R] | |
| Nombre personal [NR] | Ortiz, Teodoro |
| 9 (RLIN) | 144990 |
| 765 ## - ASIENTO DE IDIOMA ORIGINAL [R] | |
| Título [NR] | Essay on the principle of population, or a view of its past and present effects on human happiness |
| 942 ## - ELEMENTOS DE ENTRADA AGREGADOS (KOHA) | |
| Tipo de ítem principal el descrito en 300a | Libro |
| Tema principal | Sociología |
| Edición | 1 |
| Parte restante de la signatura top. | M15 |
| Sistema de clasificación | DEWEY |
| Clasificación | 330.153 |
| Título oculto en OPAC | No |
| Fecha de último préstamo | Total préstamos | Total Renewals | Signatura topográfica | Código de barras | Última vez visto | Ejemplar | Costo de reposición | Price effective from | Tipo de ítem | Nota pública (OPAC) | Perdido | Sistema de clasificación | Dañado | No prestable | Tipo de ítem específico | Suprimido | Ubicación habitual | Ubicación actual | Localización | Fecha de creación | Forma de adquisición | Costo |
|---|---|---|---|---|---|---|---|---|---|---|---|---|---|---|---|---|---|---|---|---|---|---|
| 08/02/2018 | 5 | 1 | 330.153 M15 | 100115501 | 04/12/2025 | Ej.2 | 26000.00 | 03/02/2013 | Libro | Galería de donantes - Álvaro Daza Roa | DEWEY | Libro | Claustro | Claustro | 3er piso | 28/02/2011 | Donación | |||||
| 24/04/2023 | 46 | 6 | 330.153 M15 | 100032775 | 03/12/2025 | Ej.1 | 03/02/2013 | Libro | DEWEY | Libro | Claustro | Claustro | Mezanine | 28/02/2003 | Compra | 13200.00 |